Music Quiz

Random Music or Lyrics Quiz

Lost in Translation: Soul Quiz Stats

 Plays Quiz Updated Feb 20, 2020

Support Sporcle.
Go Orange.
Score 0/18 Timer 08:00
0 Plays Today
Re-Translated Lyrics Song Title % Correct
Road jack and don't, Hit above this above this, above this and above this it does not returnHit the Road, Jack
84.1%
When the person loves the woman, doing the wrongdoing of her no where, he goes and, is not he never owning the girl other, it goes, it is notWhen a Man Loves a Woman
79.7%
Only boy who can reach to me was the son of the preachment personSon of a Preacher Man
75.9%
Exactly where it sits down in the dry dock of the bay which makes time wasteful(Sittin' On) The Dock of the Bay
73.1%
You are moved by me, you are moved by me who are done like the natural woman, you do me whom you make me moved(You Make Me Feel Like) A Natural Woman
60.8%
When the night comes and, the land is dark, month is the only light/write which you seeStand By Me
60%
Stop break my center with name of love before you. Think of that. Think of that.Stop! In the Name of Love
58.3%
The sunlight it is not she's when; and she's which go; which always she departs goes excessively longAin't No Sunshine
49.9%
Then unless you understand, when it suffers and believing thing, superstition is not methodSuperstition
46.7%
Re-Translated Lyrics Song Title % Correct
I that much long my ones which are heard that, through false rumor.I Heard It Through the Grapevine
32.2%
As for me that I pass May, outside being cool, when being, the sunlight of the day when it becomes cloudy was obtainedMy Girl
30.4%
Being last, my love appears and the is. It ended my lonely day. And life seems like songAt Last
24.3%
The sun strikes, the tar of the roof is burnt, and your shoes therefore when obtaining, the fact that the feet where you become tired are fire resistance is desired, is hotUnder the Boardwalk
13.6%
As for people, It prepares; the train of a coming; The necessity baggage of you do not obtain exactly People Get Ready
12%
Us permit the fact that it is restricted together. The time whether or not to be good or to be bad or happiness or it is sad, love.Let's Stay Together
11.3%
Refreshing I, I me am good so, therefore it is good, me you knew that you obtainI Got You (I Feel Good)
11.1%
The delightful my method of having been about probably to fly I who have gone when we have cruised together, love thatCruisin'
10.2%
That is having, I have known that the fact that the long time modification when it comes is doneA Change is Gonna Come
8.3%

You're not logged in!

Compare scores with friends on all Sporcle quizzes.
OR
Log In

From the Vault

'Arc' Words

by DesertSpartan

This quiz is not graded on a curve, despite the word 'arc' in the title.
Remove Ads.
Support Sporcle.
Get the best of Sporcle when you Go Orange. This ad-free experience offers more features, more stats, and more fun while also helping to support Sporcle. Thank you for becoming a member.

Show Comments

Extras

Top Quizzes Today


Score Distribution

Your Account Isn't Verified!

In order to create a playlist on Sporcle, you need to verify the email address you used during registration. Go to your Sporcle Settings to finish the process.

Report this User

Report this user for behavior that violates our Community Guidelines.

Details: